[Event "FRA-chT2"]
[Site "France"]
[Date "2002.01.??"]
[Round "6"]
[White "Gerber, Thomas"]
[Black "Riff, Jean Noel"]
[Result "0-1"]
[WhiteElo "2050"]
[BlackElo "2196"]
[PlyCount "63"]
[EventDate "2002.??.??"]
[EventType "team"]
[EventRounds "11"]
[EventCountry "FRA"]
[SourceTitle "EXT 2003"]
[Source "ChessBase"]
[SourceDate "2002.11.25"]
[SourceVersion "1"]
[SourceVersionDate "2002.11.25"]
[SourceQuality "1"]

1. e4 c5 2. Nf3 d6 3. d4 Nf6 4. dxc5 Nxe4 5. cxd6 Nxd6 6. Be2 Nc6 7. Bf4 g6 8. c3 Bg7 9. 0-0 0-0 10. Bxd6 exd6 11. Nbd2 Qc7 12. Nb3 Rd8 13. Nfd4 a6 14. Bf3 Ne5 15. Bd5 Bd7 16. Re1 Bc6 17. Nxc6 bxc6 18. Bf3 Rab8 19. g3 d5 20. Bg2 c5 21. Rc1 c4 22. Nd4 Nd3 23. Rc2 Nxe1 24. Qxe1 Bxd4 25. cxd4 Re8 26. Qd2 Qd6 27. h4 Rb5 28. g4 Qe7 29. h5 Qe1+ 30. Qxe1 Rxe1+ 31. Kh2 Rd1 32. h6 0-1